| 000 | 00630nam a2200205Ia 4500 | ||
|---|---|---|---|
| 003 | GCL | ||
| 008 | 140319s9999 xx 000 0 ara d | ||
| 040 |
_aGCL / _cGCL |
||
| 082 | 0 | 4 |
_a549 _bم ع |
| 100 | 1 | _aمحمد عزالدين حلمى | |
| 245 | 1 | 0 |
_aعلم المعادن / _cمحمد عزالدين حلمى |
| 260 |
_aالقاهرة : _bمكتبة الانجلوالمصرية ، _c1994 |
||
| 300 |
_a486 ص ؛ _c24 سم |
||
| 490 | _a | ||
| 650 | 0 | 4 | _aالمعادن |
| 650 | 0 | 4 | _aالمعادن الثقيلة |
| 650 | 0 | 4 | _aالمعادن الخفيفة |
| 650 | 0 | 4 | _aاشغال المعادن |
| 942 |
_2ddc _cBK |
||
| 999 |
_c38582 _d38582 |
||